Khảo sát hàm số và các bài toán liên quan
Trình bày các bài toán về hàm số và phương pháp giải.
Gespeichert in:
| 1. Verfasser: | |
|---|---|
| Format: | Buch |
| Sprache: | Undetermined |
| Veröffentlicht: |
Hà Nội
Khoa học Tự nhiên và Công nghệ
2009
|
| Schlagworte: | |
| Tags: |
Tag hinzufügen
Keine Tags, Fügen Sie den ersten Tag hinzu!
|
| Thư viện lưu trữ: | Trung tâm Học liệu Trường Đại học Cần Thơ |
|---|
| LEADER | 00747nam a2200217Ia 4500 | ||
|---|---|---|---|
| 001 | CTU_170070 | ||
| 008 | 210402s9999 xx 000 0 und d | ||
| 020 | |c 54000 | ||
| 082 | |a 515.071 | ||
| 082 | |b Kh103 | ||
| 100 | |a Phan, Huy Khải | ||
| 245 | 0 | |a Khảo sát hàm số và các bài toán liên quan | |
| 245 | 0 | |c Phan Huy Khải | |
| 260 | |a Hà Nội | ||
| 260 | |b Khoa học Tự nhiên và Công nghệ | ||
| 260 | |c 2009 | ||
| 520 | |a Trình bày các bài toán về hàm số và phương pháp giải. | ||
| 650 | |a Toán học,Mathematical analysis | ||
| 650 | |x Problems, exercise, etc | ||
| 904 | |i Cẩm ý, Hồng Cẩm | ||
| 980 | |a Trung tâm Học liệu Trường Đại học Cần Thơ | ||